| 000 | 00786cam a22002653a 4500 | ||
|---|---|---|---|
| 001 | 27244 | ||
| 003 | PGUSA | ||
| 005 | 20140828083605.0 | ||
| 008 | 081112s2008||||xxu|||||s|||||000 | eng d | ||
| 040 |
_aPGUSA _beng |
||
| 042 | _adc | ||
| 050 | 4 | _aV | |
| 100 | 1 |
_aEdelsheim, Franz, Freiherr von, _d1868- |
|
| 245 | 1 | 0 |
_aOperations Upon the Sea : _bA Study _h[electronic resource] / _cFranz, Freiherr von Edelsheim |
| 260 |
_bProject Gutenberg, _c2008 |
||
| 506 | _aPublic domain in the USA. | ||
| 516 | _aElectronic text | ||
| 653 | _aTransportation, Military | ||
| 653 | _aGermany. Kriegsmarine | ||
| 653 | _aSea-power | ||
| 653 | _aGermany. Heer -- Transport service | ||
| 830 | 0 |
_aProject Gutenberg _v27244 |
|
| 856 | 4 | 0 | _uhttp://www.gutenberg.org/ebooks/27244 |
| 942 | _cEB | ||
| 999 |
_c256499 _d256499 |
||